Webster's New World Power Vocabulary

Gespeichert in:
Bibliographische Detailangaben
1. Verfasser: Morse-Cluley, Elizabeth
Weitere Verfasser: Read, Richard
Format: Buch
Sprache:Englisch
Veröffentlicht: New York Macmillan Publ. Co. 1994
Ausgabe:2. ed.
Tags: Tag hinzufügen
Keine Tags, Fügen Sie das erste Tag hinzu!

MARC

LEADER 00000nam a2200000 4500
001 c014313
005 20221214075531.3
020 |a 0-671-88821-8 
041 0 |a eng 
044 |a US 
245 1 0 |a Webster's New World Power Vocabulary  |c Elizabeth Morse-Cluley, Richard Read 
250 |a 2. ed. 
264 1 |a New York  |b Macmillan Publ. Co.  |c 1994 
300 |a 263 s. 
100 1 |a Morse-Cluley, Elizabeth 
700 1 |a Read, Richard